000 01256njm a2200349 c 4500
003 BLK
005 20180422121247.0
008 180410b bul||n||s|||||||| n|bulo|
010 _aCDD00000280000
040 _aBLK
041 _aDEU
_cDEU
080 _aСалонни и танцови оркестри. Естраден оркестър. Джаз. Рок
_b785.161
_x
_z785.161
700 1 _aEgberto Gismonti Group
_eизп.
_9387531
100 1 _aGismonti, Egberto
_eпърви автор
_9353547
700 1 _aCarneiro, Nando
_eизп.
_9353548
700 1 _aMorelenbaum, Jaques
_eвиолончело
_9353549
700 1 _aAssumpcao, Zeca
_eконтрабас
_93998
139 _aGismonti, Egberto
_bG 49
245 1 0 _aMusica de Sobrevivencia [CD аудио]
_cизп. Egberto Gismonti Group; Egberto Gismonti; изп. Nando Carneiro; виолончело Jaques Morelenbaum; контрабас Zeca Assumpcao.
257 _aDEU
260 Munchen
_bECM Rec.
_c1993
300 _c12 cm.
_fбр. в к-т
_g1 CD
306 _a63мин. 42сек.
380 _a7
650 4 _aДжаз
_9153283
653 _aджаз
852 _aЦб CD 1855
_p0
856 4 _qpdf
_u
856 4 _qpdf
_u
942 _cCDD
_n0
944 _aCR
_c30.09.2008
_kТеодора_Стоянова
944 _aED
_c30.09.2008
_k
999 _c215393
_d215393